Classical mechanics / (Record no. 29162)

000 -LEADER
fixed length control field 00515 a2200157 4500
020 ## - INTERNATIONAL STANDARD BOOK NUMBER
International Standard Book Number 8120326768
020 ## - INTERNATIONAL STANDARD BOOK NUMBER
International Standard Book Number 9788120326767
082 ## - DEWEY DECIMAL CLASSIFICATION NUMBER
Classification number 531
090 ## - LOCALLY ASSIGNED LC-TYPE CALL NUMBER (OCLC); LOCAL CALL NUMBER (RLIN)
-- 532
-- 532
100 1# - MAIN ENTRY--PERSONAL NAME
Personal name Sankara, Rao.
245 10 - TITLE STATEMENT
Title Classical mechanics /
Statement of responsibility, etc. Rao Sankara.
260 ## - PUBLICATION, DISTRIBUTION, ETC.
Place of publication, distribution, etc. [S.l.] :
Name of publisher, distributor, etc. Prentice-Hall of India Pvt.Ltd,
Date of publication, distribution, etc. 2006.
300 ## - PHYSICAL DESCRIPTION
Extent 416 p. ;
Dimensions 25 cm.
942 ## - ADDED ENTRY ELEMENTS (KOHA)
Institution code [OBSOLETE] SNS
Koha item type Book
Call number prefix 531 RAO
Holdings
Withdrawn status Lost status Source of classification or shelving scheme Damaged status Not for loan Permanent Location Current Location Shelving location Date acquired Total Checkouts Full call number Barcode Date last seen Date last checked out Price effective from Koha item type
        Not For Loan School of Natural Sciences (SNS) School of Natural Sciences (SNS) Reference 05/26/2016 2 531 RAO SNS0000475 12/08/2017 11/15/2017 05/26/2016 Book
© 2023 Central Library, National University of Sciences and Technology. All Rights Reserved.